[Event "Landesliga Nord 1718"]
[Site "Bayern"]
[Date "2018.02.25"]
[Round "7.8"]
[White "Van Ginkel, Pieter"]
[Black "Bunk, Wolfgang"]
[Result "1-0"]
[WhiteElo "2188"]
[BlackElo "2013"]
[PlyCount "65"]
[EventDate "2017.10.22"]
[EventType "team-tourn"]
[EventRounds "9"]
[EventCountry "GER"]
[SourceTitle "EXT 2022"]
[Source "ChessBase"]
[SourceDate "2021.10.06"]
[SourceVersion "1"]
[SourceVersionDate "2021.10.06"]
[SourceQuality "1"]
[WhiteTeam "Nuernberg Sued SW"]
[BlackTeam "Regensburg Bavaria"]
[WhiteTeamCountry "GER"]
[BlackTeamCountry "GER"]

1. d4 c5 2. d5 d6 3. c4 g6 4. e4 Bg7 5. h3 e6 6. Bd3 Ne7 7. Ne2 exd5 8. exd5 0-0 9. Nbc3 Nf5 10. 0-0 Na6 11. Bf4 Nc7 12. Qd2 Rb8 13. Bxf5 Bxf5 14. Ng3 b5 15. Nxf5 gxf5 16. Qd3 b4 17. Nd1 Qd7 18. Rb1 Rbe8 19. Qg3 Re4 20. Bxd6 f4 21. Bxf4 Ne8 22. Ne3 Kh8 23. Qf3 f5 24. b3 Qf7 25. Rfe1 Qg6 26. Nf1 Bc3 27. Re2 Rxe2 28. Qxe2 Rg8 29. Ng3 Nf6 30. Rd1 Ne4 31. Qf3 Bd4 32. Rxd4 cxd4 33. Nxe4 1-0

[Event "Regionalliga Nord-Ost 1718"]
[Site "Bayern"]
[Date "2017.11.12"]
[Round "2.7"]
[White "Sanner, Christoph"]
[Black "Van Ginkel, Pieter"]
[Result "0-1"]
[WhiteElo "1869"]
[BlackElo "2188"]
[PlyCount "78"]
[EventDate "2017.10.22"]
[EventType "team-tourn"]
[EventRounds "9"]
[EventCountry "GER"]
[SourceTitle "EXT 2022"]
[Source "ChessBase"]
[SourceDate "2021.10.06"]
[SourceVersion "1"]
[SourceVersionDate "2021.10.06"]
[SourceQuality "1"]
[WhiteTeam "Weiden"]
[BlackTeam "Nuernberg Sued SW II"]
[WhiteTeamCountry "GER"]
[BlackTeamCountry "GER"]

1. f4 d5 2. g3 g6 3. Nf3 Bg7 4. Bg2 Nf6 5. d3 0-0 6. 0-0 b6 7. e4 dxe4 8. dxe4 Bb7 9. e5 Ng4 10. c4 f6 11. h3 Nh6 12. Qe2 Nc6 13. Rd1 Qc8 14. Nc3 fxe5 15. fxe5 Nf7 16. e6 Nfd8 17. Nd5 Nxe6 18. Re1 Ned4 19. Nxd4 Bxd4+ 20. Be3 Be5 21. Bh6 Rf7 22. b4 e6 23. b5 Bxa1 24. bxc6 Bd4+ 25. Kh2 Bxc6 26. Ne7+ Rxe7 27. Bxc6 Rb8 28. Bg5 Rf7 29. Qg4 Rf2+ 30. Kh1 e5 31. Bd5+ Kh8 32. Be6 Qf8 33. Qe4 Rf1+ 34. Kh2 Qf2+ 35. Qg2 Qxg2+ 36. Kxg2 Rf2+ 37. Kh1 Rbf8 38. h4 Kg7 39. Re4 Rxa2 0-1

[Event "Landesliga Nord 1314"]
[Site "Bayern"]
[Date "2013.11.24"]
[Round "3.4"]
[White "Van Ginkel, Pieter"]
[Black "Seibold, Hubert"]
[Result "0-1"]
[WhiteElo "2188"]
[BlackElo "2163"]
[PlyCount "98"]
[EventDate "2013.10.13"]
[EventType "team"]
[EventRounds "9"]
[EventCountry "GER"]
[SourceTitle "EXT 2015"]
[Source "ChessBase"]
[SourceDate "2014.11.20"]
[SourceVersion "1"]
[SourceVersionDate "2014.11.20"]
[SourceQuality "1"]
[WhiteTeam "Nuernberg Sued SW"]
[BlackTeam "Zirndorf"]
[WhiteTeamCountry "GER"]
[BlackTeamCountry "GER"]

1. d4 d5 2. c4 c6 3. Nf3 Nf6 4. Nc3 dxc4 5. a4 Bf5 6. e3 e6 7. Bxc4 Bb4 8. 0-0 Nbd7 9. Qe2 0-0 10. e4 Bg6 11. Bd3 h6 12. Bf4 Re8 13. h3 Qa5 14. Na2 Bf8 15. b4 Qd8 16. Rfd1 a5 17. b5 c5 18. dxc5 Nxc5 19. Ne5 Nh5 20. Bh2 Qg5 21. Nf3 Nf4 22. Bxf4 Qxf4 23. Nc3 Nxd3 24. Rxd3 Bb4 25. g3 Qf6 26. Rc1 Rac8 27. Na2 Rxc1+ 28. Nxc1 Qa1 29. Rd1 Qxa4 30. Rd7 Qa1 31. Rd1 Qa4 32. Rd7 Ba3 33. Na2 Qxe4 34. Qd1 Bb4 35. Rd4 Qc2 36. Qxc2 Bxc2 37. Nxb4 axb4 38. Rxb4 e5 39. Kf1 f6 40. Ke2 Rd8 41. Nd2 Kf7 42. Ke3 Rd3+ 43. Ke2 Rd5 44. b6 Bd3+ 45. Ke3 Rb5 46. Ra4 Bf5 47. Nc4 Rb3+ 48. Kd2 Be6 49. Nd6+ Kg6 0-1

[Event "Seebach op 23rd"]
[Site "Grossenseebach"]
[Date "2012.06.09"]
[Round "5"]
[White "Rosin, Ralf"]
[Black "Van Ginkel, Pieter"]
[Result "1/2-1/2"]
[WhiteElo "1963"]
[BlackElo "2149"]
[PlyCount "88"]
[EventDate "2012.06.07"]
[EventType "swiss"]
[EventRounds "7"]
[EventCountry "GER"]
[SourceTitle "EXT 2013"]
[Source "ChessBase"]
[SourceDate "2012.11.22"]
[SourceVersion "1"]
[SourceVersionDate "2012.11.22"]
[SourceQuality "1"]

1. d4 d6 2. e4 Nf6 3. Nc3 g6 4. Nf3 Bg7 5. Be2 0-0 6. 0-0 a6 7. a4 Nc6 8. h3 e5 9. dxe5 dxe5 10. Qxd8 Rxd8 11. Bg5 Be6 12. Bd3 h6 13. Be3 Ne8 14. Rac1 Nd4 15. Nd2 Nd6 16. Ne2 c5 17. c4 Rab8 18. Nc3 Rdc8 19. b3 f5 20. f3 f4 21. Bxd4 cxd4 22. Nd5 Bf8 23. Rc2 Nf7 24. Rfc1 b6 25. b4 Bxd5 26. cxd5 Rxc2 27. Rxc2 Bxb4 28. Bxa6 Ra8 29. Bb5 Nd6 30. Bc6 Rc8 31. Kf1 Bxd2 32. Rxd2 Nc4 33. Ra2 Kf7 34. Ke2 Ke7 35. Bb5 Ne3 36. Kf2 Kd6 37. Bc6 Nc4 38. Bb5 Ne3 39. Bc6 Rc7 40. Ra1 Ra7 41. Bb5 g5 42. Kg1 Rc7 43. Bc6 Nc4 44. Rb1 Kc5 1/2-1/2

[Event "Seebach op 23rd"]
[Site "Grossenseebach"]
[Date "2012.06.08"]
[Round "4"]
[White "Van Ginkel, Pieter"]
[Black "Quaschner, Manuel"]
[Result "1-0"]
[WhiteElo "2149"]
[BlackElo "1845"]
[PlyCount "55"]
[EventDate "2012.06.07"]
[EventType "swiss"]
[EventRounds "7"]
[EventCountry "GER"]
[SourceTitle "EXT 2013"]
[Source "ChessBase"]
[SourceDate "2012.11.22"]
[SourceVersion "1"]
[SourceVersionDate "2012.11.22"]
[SourceQuality "1"]

1. d4 g6 2. e4 Bg7 3. Nf3 d6 4. Be2 Nd7 5. 0-0 e5 6. Nc3 Ngf6 7. Be3 0-0 8. h3 Re8 9. dxe5 dxe5 10. Nd2 Nb6 11. a4 Bd7 12. Nb3 Nc8 13. Nc5 Nd6 14. f3 Nh5 15. Qd2 Bc6 16. Bb5 Bxb5 17. axb5 Qc8 18. b3 Rd8 19. Rfd1 b6 20. Na6 c6 21. bxc6 Qxc6 22. Nd5 Rd7 23. c4 Nf6 24. Nxf6+ Bxf6 25. c5 bxc5 26. Nxc5 Rdd8 27. Ra6 Nc4 28. Rxc6 1-0

[Event "Landesliga Nord 1112"]
[Site "Bayern"]
[Date "2012.02.26"]
[Round "7.1"]
[White "Van Ginkel, Pieter"]
[Black "Englert, Fabian"]
[Result "1-0"]
[WhiteElo "2119"]
[BlackElo "2215"]
[PlyCount "59"]
[EventDate "2011.10.02"]
[EventType "team-tourn"]
[EventRounds "9"]
[EventCountry "GER"]
[SourceTitle "EXT 2015"]
[Source "ChessBase"]
[SourceDate "2014.11.20"]
[SourceVersion "1"]
[SourceVersionDate "2014.11.20"]
[SourceQuality "1"]
[WhiteTeam "Nuernberg Sued SW"]
[BlackTeam "Klingenberg/Main"]
[WhiteTeamCountry "GER"]
[BlackTeamCountry "GER"]

1. d4 d5 2. c4 c6 3. Nf3 Nf6 4. Nc3 e6 5. Bg5 dxc4 6. e4 b5 7. e5 h6 8. Bh4 g5 9. Nxg5 hxg5 10. Bxg5 Nbd7 11. g3 Qa5 12. exf6 b4 13. Ne4 Ba6 14. Be2 0-0-0 15. 0-0 Qf5 16. f3 Nc5 17. Be3 Nxe4 18. fxe4 Qxe4 19. Qd2 Qh7 20. Rf2 Bd6 21. Bf3 c5 22. Rc1 Bc7 23. d5 Rxd5 24. Bxd5 Rd8 25. Bxc4 Rxd2 26. Bxa6+ Kb8 27. Rxd2 Qg6 28. Rxc5 Qxf6 29. Rdc2 e5 30. Rxc7 1-0